000 00994cab a2200277 4500
001 ABS56709
008 090401t1997 xxu||||| |||| 00| 0 eng d
035 _a(Sirsi) u77301
041 _aeng
100 _aMcCann, B.
245 _aFlood transfusion
260 _c1997
350 _a0
490 _aSurveyor
_v13 March 1997, 14-17(6)
520 _aSevern Trent Water is using Met Office resources to monitor the rainfall which can lead to sewer flooding during storms. Properties assessed as being at risk of flooding more than twice in ten years have to be identified and reported of OFWAT and entered on an `at risk` register. Considers the effect of being so listed on a property`s value.
650 _aAT RISK REGISTER
650 _aFLOODING
650 _aPROPERTY VALUES
650 _aRAINFALL
650 _aRISK ASSESSMENT
650 _aSEVERN TRENT WATER
650 _aSEWERS
690 _aENVIRONMENTAL AND LAND CONSULTANCY
942 _n0
948 _c24/03/1997
999 _c48610
_d48610